000
00288nam a22001337a 4500
008
181102b xxu||||| |||| 00| 0 eng d
020
_a
0812109899
041
_a
eng
080
_a
610
100
_a
4
101
_a
SHM
245
_a
The Skin in Diabetes
_c
Jelinek,J.E
942
_2
udc
_c
BK
999
_c
51670
_d
51670